| 000 | 00631nam a2200229Ia 4500 | ||
|---|---|---|---|
| 001 | 43405 | ||
| 005 | 20240114003546.0 | ||
| 007 | ta | ||
| 008 | 081004s1991 g b000 u 465 u | ||
| 040 | _aCotton College,Assam | ||
| 041 | _a465 | ||
| 082 |
_a820.33 _bDe 448 Gi |
||
| 100 | _aDerrida, Jacques . | ||
| 245 | 0 |
_aGiven Times: Counterfeit Money / _cJacques Derrida. _hTextual Documents |
|
| 250 | _a1st ed / | ||
| 260 |
_aChicago : _bUniversity of Chicago Press , _c1991. |
||
| 653 | _aEnglish essays-counterfeit money | ||
| 653 | _aG-English | ||
| 942 |
_2ddc _cBK |
||
| 999 |
_c43371 _d43371 |
||